000 00393nam a2200157Ia 4500
008 210719s1966 xx 000 0 und d
041 _aeng
082 _a331.0973 RAYH
100 _aRAYBACK (Joseph G)
245 _aHistory of American labor.
260 _aNY
_bFree Press
_c1966
300 _ax,491
_bPB
365 _cRs
650 _aLabour Economics
906 _aAmerican labour history
999 _c212828
_d212828